El espiritismo

Uloženo v:
Podrobná bibliografie
Hlavní autor: Hasperué, Gustavo (Autor)
Médium: Kniha
Jazyk:španělština
Vydáno: Buenos Aires Fundación S.P.E.S 1995
Vydání:1a. ed
Edice:Dixi, 10
Témata:
Tagy: Přidat tag
Žádné tagy, Buďte první, kdo vytvoří štítek k tomuto záznamu!

MARC

LEADER 00000nam a2200000 a 4500
001 UCK3680
003 CL-VaPUC
008 050506e19950000AG |||||||||||||||||spa|d
020 |a 9879076176 
082 0 4 |a 291.21  |b HAS  |2 21 
100 0 |a Hasperué, Gustavo  |e author  |9 491905 
245 1 3 |a El espiritismo 
250 |a 1a. ed 
300 |a 38 p 
942 |c BK 
945 |d 20050506 00:00:00  |a cmena 
260 |a Buenos Aires  |b Fundación S.P.E.S  |c 1995 
650 7 |a SECTAS RELIGIOSAS  |2 CL-VaPUC  |9 491906 
650 7 |a ESPIRITISMO  |2 CL-VaPUC  |9 344956 
650 7 |a PARAPSICOLOGIA  |2 CL-VaPUC  |9 309534 
650 0 |a Teología cristiana  |9 308336 
650 7 |a PERCEPCION EXTRASENSORIAL  |2 CL-VaPUC  |9 309537 
583 |a last modification  |c 20050506 00:00:00  |k Rodrigo Vera 
490 0 |a Dixi, 10 
999 |c 312798  |d 312796 
952 |0 0  |1 0  |4 0  |6 291_210000000000000_HAS_1995  |7 0  |8 A  |9 383632  |a BIBTEO  |b BIBTEO  |d 2019-11-21  |i 4118065  |o 291.21 HAS 1995  |p 4118065  |r 2024-01-18  |w 2019-11-21  |y BK  |k ICR